Horské centrum Jasná - kultúrno-športovo-rekreačný areál s ubytovaním

Enregistré dans:
Détails bibliographiques
Auteur principal: Löffler, Peter, 1987- (Auteur)
Autres auteurs: Somora, Branislav, 1946- (Directeur de thèse)
Format: Manuscrit Livre
Langue:slovaque
Publié: Bratislava : STU v Bratislave FA, 2012
Sujets:
Accès en ligne:VAIS
Tags: Ajouter un tag
Pas de tags, Soyez le premier à ajouter un tag!

MARC

LEADER 00000ntm a22000003a 4500
001 stu247635
005 20210512125502.5
008 120605s2012----xo------------------slo-d
040 |a STU  |b slo 
041 0 |a slo 
044 |a xo 
100 1 |a Löffler, Peter,  |d 1987-  |4 aut  |u A  |T FAD Fakulta architektúry  |X 27698  |U A  |Y 50  |7 A000027698 
242 0 0 |a Mountain center Jasná  |y eng 
245 1 |a Horské centrum Jasná - kultúrno-športovo-rekreačný areál s ubytovaním 
260 |a Bratislava :  |b STU v Bratislave FA,  |c 2012 
650 7 |a architektúra  |2 stusub 
650 7 |a architecture  |2 estusub 
700 1 |a Somora, Branislav,  |d 1946-  |4 ths  |u A1110  |U FAD Fakulta architektúry  |U FAD Fakulta architektúry  |T FA Ústav architektúry obytných budov  |X 405  |U A1110  |Y 392  |7 A000000405 
856 4 |a info a plný text  |u http://is.stuba.sk/zp/portal_zp.pl?podrobnosti=72741  |u https://opac.crzp.sk/?fn=detailBiblioForm&sid=C31F93A747B848A98DA690B83BA7  |3 VAIS